000 00468nam a2200157Ia 4500
008 230711s9999||||xx |||||||||||||| ||und||
020 _a978-93-5359-375-9
041 _aENG
082 _a631.3
_bMU-F
100 _aMuzamil, M.
245 0 _aFarm Power and Machinery Agricultural Engineerimg :For GATE, JRF, NET, ARS, ACF,IFS Assistant Professor Exam
260 _c2022
_aNew Delhi
_bKalyani Publishers House
300 _a313p.
650 _aAgriculture
942 _cBK
999 _c7633
_d7633